Statistics for TheFatRat Songs

Click here to take the quiz!

General Stats

  • This quiz has been taken 25 times
  • The average score is 20 of 45

Answer Stats

HintAnswer% Correct
N... N... N...No No No
85%
X...Xenogenesis
85%
L... I... W... Y... H... M...Love It When You Hurt Me
77%
P... & F...Pride & Fear
77%
H... I... T... B...Hiding In The Blue
69%
J...Jackpot
69%
M...Monody
69%
U...Unity
69%
F...Fire
62%
F... A...Fly Away
62%
M...MAYDAY
62%
A...Arcadia
54%
N... B... A...Never Be Alone
54%
T... C...The Calling
54%
W... M... A...We'll Meet Again
54%
W...Windfall
54%
C... T... T... S...Close To The Sun
46%
E...Electrified
46%
L... L... W...Let Love Win
46%
O... O... T... R...Out Of The Rain
46%
R... T... W...Rule The World
46%
S...Solitude
46%
S...Stronger
46%
V... S...Violet Sky
46%
W...Warbringer
46%
B... O... D...Back One Day
38%
E... G...Escaping Gravity
38%
O...Oblivion
38%
O... S...Our Song
38%
P...Prelude
38%
E...Elegy
31%
G... L...Ghost Light
31%
H...Hunger
31%
I... P...Infinite Power
31%
R... U...Rise Up
31%
T... S...The Storm
31%
T... L...Time Lapse
31%
M...Monkeys
23%
D... N...Dancing Naked
15%
E...Epic
15%
S...Sunlight
15%
C...Chosen
8%
S...Splinter
8%
T...Telescope
8%
U...Upwind
8%

Score Distribution

Percentile by Number Answered

Percent of People with Each Score

Your Score History

You have not taken this quiz